00727nam a2200205Ia 4500003000900000008004100009020001800050040001600068080001800084110001600102245012300118260002800241300001700269650003600286650001900322650003600341942000700377999001500384952012200399IN-BaIIA211028s9999 xx 000 0 eng d a0-8174-3204-3 cIIA Library a031:77bEKC-4 aKodak92452 0aEncyclopedia of Practical Photographybvol. 4, Conte-DelcEastman Kodak Company  aNew YorkbAmphotoc1978 aix,561-744p. aEncyclopedia-Photography910837 aNASA Thesaurus aPhotography-Encyclopedia910838 cBK c6317d6317 00104070aBANbKODcGENd1979-09-24g832.00l0o031:77/ EKC-4p7038r2021-11-05v832.00w1979-09-24yBKGRs. 832.00